[Event "European Blitz 2016"]
[Site "Tallinn EST"]
[Date "2016.12.17"]
[Round "7.12"]
[White "Pavlidis, Antonios"]
[Black "Ponomariov, Ruslan"]
[Result "1/2-1/2"]
[WhiteTitle "GM"]
[BlackTitle "GM"]
[WhiteElo "2532"]
[BlackElo "2709"]
[WhiteFideId "4212312"]
[BlackFideId "14103320"]
[EventDate "2016.12.17"]

1. e4 c5 2. Nf3 e6 3. d4 cxd4 4. Nxd4 Nc6 5. Nc3 d6 6. Be3 a6 7. f4 Bd7 8. Qf3
b5 9. O-O-O b4 10. Nce2 Na5 11. Kb1 h5 12. e5 Nc4 13. Ng3 Nxe3 14. Qxe3 d5 15.
f5 Qb6 16. fxe6 fxe6 17. Bd3 O-O-O 18. Rc1 Kb7 19. c3 Bc5 20. Nge2 Ne7 21. cxb4
Bxb4 22. Qg5 Rc8 23. Ka1 g6 24. Rcf1 Nf5 25. Bxf5 gxf5 26. Qg7 Rhd8 27. Rc1 Bc5
28. Nb3 Be3 29. Rxc8 Kxc8 30. Qe7 Re8 31. Qf7 Bb5 32. Nc3 Kb8 33. Qxh5 Rc8 34.
Nxb5 Qxb5 35. Qf3 d4 36. h4 a5 37. Qf1 Qxf1+ 38. Rxf1 a4 39. Na5 d3 40. b3 Rc2
41. Nc4 Bd4+ 42. Kb1 Rxg2 43. Rd1 axb3 44. axb3 Rh2 45. Rxd3 Rxh4 46. Rg3 Kc7
47. Rg6 Kd7 48. Na5 Bxe5 49. Kc2 Rh3 50. Nc4 Bd4 51. Nd2 Rc3+ 52. Kd1 Be3 53.
Rg7+ Kc6 54. Nc4 Bc5 55. Kd2 Rh3 56. Kc2 f4 57. Rf7 Rh4 58. Kd3 Kd5 59. Rd7+ Kc6
60. Ne5+ Kb5 61. Rb7+ Ka6 62. Rf7 Bd6 63. Nc4 Bb8 64. Rf8 Bc7 65. Rf7 Kb7 66.
Rf6 e5 67. Ke4 Rh1 68. Rf7 Re1+ 69. Kd5 Rd1+ 70. Kc5 e4 71. b4 Rh1 72. b5 Rh5+
73. Kd4 Kb8 74. b6 Bxb6+ 75. Nxb6 e3 76. Kd3 Rb5 77. Nd7+ Kc7 78. Ne5+ Kd6 79.
Nc4+ Kc5 80. Rxf4 Rb3+ 81. Ke2 Rb4 82. Kxe3 Rxc4 83. Rxc4+ Kxc4 1/2-1/2

[Event "European Blitz 2016"]
[Site "Tallinn EST"]
[Date "2016.12.17"]
[Round "7.13"]
[White "Andriasian, Zaven"]
[Black "Zakhartsov, Vladimir"]
[Result "1/2-1/2"]
[WhiteTitle "GM"]
[BlackTitle "IM"]
[WhiteElo "2621"]
[BlackElo "2453"]
[WhiteFideId "13302000"]
[BlackFideId "4145097"]
[EventDate "2016.12.17"]

1. e4 c5 2. Nf3 d6 3. d4 Nf6 4. Nc3 cxd4 5. Nxd4 a6 6. Be3 e5 7. Nf3 Be7 8. Bc4
O-O 9. O-O Nc6 10. Qe2 b5 11. Bb3 Na5 12. Bg5 Nd7 13. Bxe7 Qxe7 14. Bd5 Rb8 15.
a3 Nb6 16. Rfd1 Bg4 17. h3 Bh5 18. Rd3 Kh8 19. Qe1 Nb7 20. Bxb7 Rxb7 21. Nd2 f6
22. Nf1 Rc8 23. Ne3 Bg6 24. Rad1 Rc6 25. f3 Nc4 26. Ncd5 Qe8 27. Rb1 Nxe3 28.
Nxe3 Bf7 29. Rbd1 Rd7 30. Qb4 Qb8 31. Kh2 Qc7 32. Qd2 g6 33. Qf2 Kg7 34. R3d2
Be6 35. c3 a5 36. Nd5 Bxd5 37. Rxd5 Qb7 38. R1d3 b4 39. Rxa5 bxc3 40. bxc3 Rb6
41. Rad5 Rb2 42. Rd2 Rxd2 43. Qxd2 Qc6 44. Qd3 Rc7 45. Rxd6 Qxc3 46. Rd7+ Kh6
47. Qxc3 Rxc3 48. Ra7 Rc2 49. h4 f5 50. Ra5 fxe4 51. fxe4 Ra2 52. Kh3 Kg7 53. g3
h5 54. Ra7+ Kh6 55. Ra8 Re2 56. Ra4 Ra2 57. Ra5 Kg7 58. Rxe5 Rxa3 59. Kg2 Kf6
60. Re8 Kf7 61. Rb8 Kf6 62. Rb5 Re3 63. Rb4 Ra3 64. Rb6+ Kf7 65. Kf2 Kg7 66. e5
Ra2+ 67. Kf3 Ra3+ 68. Ke4 Rxg3 69. Rb7+ Kf8 70. e6 g5 71. Ke5 gxh4 72. Rh7 Ra3
73. Kf6 Rf3+ 74. Ke5 Ra3 75. Kf6 Rf3+ 1/2-1/2

[Event "European Blitz 2016"]
[Site "Tallinn EST"]
[Date "2016.12.17"]
[Round "7.15"]
[White "Vitiugov, Nikita"]
[Black "Bologan, Victor"]
[Result "1-0"]
[WhiteTitle "GM"]
[BlackTitle "GM"]
[WhiteElo "2726"]
[BlackElo "2640"]
[WhiteFideId "4152956"]
[BlackFideId "13900048"]
[EventDate "2016.12.17"]

1. d4 Nf6 2. Bf4 g6 3. Nc3 d5 4. e3 c6 5. Be2 Qb6 6. Rb1 Bg7 7. Nf3 O-O 8. O-O
Bg4 9. h3 Bxf3 10. Bxf3 Nbd7 11. b4 Rfe8 12. Na4 Qa6 13. c3 b5 14. Nc5 Nxc5 15.
bxc5 Nd7 16. a4 bxa4 17. Rb4 e5 18. Bg3 a3 19. Qa4 Qxa4 20. Rxa4 a5 21. Rxa3 Ra7
22. Bd1 Rb8 23. Ba4 Ra6 24. Rfa1 Rb7 25. Bd1 exd4 26. exd4 Bh6 27. Be2 Ra8 28.
Rxa5 Rxa5 29. Rxa5 Bd2 30. Ra3 Nf6 31. Be5 Kg7 32. Ra6 1-0

[Event "European Blitz 2016"]
[Site "Tallinn EST"]
[Date "2016.12.17"]
[Round "7.16"]
[White "Piorun, Kacper"]
[Black "Riazantsev, Alexander"]
[Result "1-0"]
[WhiteTitle "GM"]
[BlackTitle "GM"]
[WhiteElo "2657"]
[BlackElo "2671"]
[WhiteFideId "1130420"]
[BlackFideId "4125029"]
[EventDate "2016.12.17"]

1. Nf3 d5 2. c4 d4 3. e3 Nc6 4. b4 dxe3 5. fxe3 Nxb4 6. d4 e6 7. Bb2 Nf6 8. Nbd2
Be7 9. a3 Na6 10. Bd3 c5 11. O-O b6 12. Qc2 Bb7 13. Ne5 O-O 14. Ndf3 h6 15. Rae1
Rc8 16. d5 exd5 17. Nh4 b5 18. cxb5 c4 19. Bf5 Nc5 20. Bxc8 Qxc8 21. Nf5 Bd8 22.
Bd4 Nce4 23. Bxa7 Ba5 24. Ne7+ Kh7 25. Nxc8 Rxc8 26. Rb1 Kg8 27. Nf3 Ng4 28. Bd4
Ra8 29. h3 Ngf6 30. Bxf6 Nxf6 31. Nd4 Ne4 32. Nc6 Bb6 33. Rfe1 Rxa3 34. Ra1 Rxa1 1-0

[Event "European Blitz 2016"]
[Site "Tallinn EST"]
[Date "2016.12.17"]
[Round "7.17"]
[White "Matlakov, Maxim"]
[Black "Bartel, Mateusz"]
[Result "1-0"]
[WhiteTitle "GM"]
[BlackTitle "GM"]
[WhiteElo "2694"]
[BlackElo "2641"]
[WhiteFideId "4168003"]
[BlackFideId "1112635"]
[EventDate "2016.12.17"]

1. d4 e6 2. Nf3 Nf6 3. Bf4 c5 4. e3 Nc6 5. Nbd2 Be7 6. c3 Nh5 7. Bg3 Nxg3 8.
hxg3 d5 9. Bd3 h6 10. Qe2 cxd4 11. exd4 Qb6 12. O-O-O Bd7 13. g4 O-O-O 14. Qe3
Qc7 15. g5 h5 16. Nb3 Bd6 17. g3 Ne7 18. Nc5 Kb8 19. Kb1 Bc8 20. Ne5 Nc6 21.
Nxc6+ Qxc6 22. f4 b6 23. Nb3 f6 24. gxf6 gxf6 25. Be2 h4 26. Rxh4 Rxh4 27. gxh4
f5 28. Nc1 Rh8 29. h5 Qc7 30. Nd3 Bd7 31. Ne5 Be8 32. Rh1 Qg7 33. a3 Rh6 34. Rg1
Qh7 35. Ka2 Bxh5 36. Nc6+ Kc7 37. Nxa7 Bxe2 38. Qxe2 Kb7 39. Nb5 Bxf4 40. Qc2
Rg6 41. Qa4 Bb8 42. Re1 Qd7 43. Qb4 Rg7 44. a4 Qe7 45. Qb3 Ka6 46. c4 Qd7 47. c5
Bc7 48. Nxc7+ Qxc7 49. Rxe6 1-0

[Event "European Blitz 2016"]
[Site "Tallinn EST"]
[Date "2016.12.17"]
[Round "7.18"]
[White "Cvitan, Ognjen"]
[Black "Halkias, Stelios"]
[Result "0-1"]
[WhiteTitle "GM"]
[BlackTitle "GM"]
[WhiteElo "2491"]
[BlackElo "2585"]
[WhiteFideId "14500086"]
[BlackFideId "4201809"]
[EventDate "2016.12.17"]

1. d4 Nf6 2. c4 e6 3. Nc3 Bb4 4. e3 O-O 5. Bd3 d5 6. Nf3 c5 7. O-O dxc4 8. Bxc4
Nbd7 9. Qe2 a6 10. a3 Ba5 11. Bd3 b5 12. Ne4 cxd4 13. Nxf6+ Nxf6 14. Nxd4 Bb7
15. b4 Bc7 16. Bb2 Qd6 17. g3 Qd5 18. f3 Bb6 19. Rad1 Rad8 20. Bb1 Qh5 21. Nc2
Rxd1 22. Qxd1 Nd5 23. Bd4 Bc7 24. e4 Nf6 25. Bc5 Rd8 26. Qe1 Nd7 27. Bd4 Ne5 28.
Qc3 Nc4 29. Bc5 Rd2 30. Bf2 Bb6 31. Nd4 Bxd4 0-1

[Event "European Blitz 2016"]
[Site "Tallinn EST"]
[Date "2016.12.17"]
[Round "7.19"]
[White "Marin, Mihail"]
[Black "Naiditsch, Arkadij"]
[Result "0-1"]
[WhiteTitle "GM"]
[BlackTitle "GM"]
[WhiteElo "2539"]
[BlackElo "2687"]
[WhiteFideId "1200020"]
[BlackFideId "4650891"]
[EventDate "2016.12.17"]

1. Nf3 Nf6 2. c4 g6 3. b3 Bg7 4. Bb2 O-O 5. g3 d6 6. Bg2 e5 7. d3 c5 8. O-O Nc6
9. Nc3 Bf5 10. Nd2 Qd7 11. Nde4 Rad8 12. e3 Bh3 13. Nxf6+ Bxf6 14. Qd2 Bxg2 15.
Kxg2 Bg7 16. Nd5 f5 17. f3 Rf7 18. a3 Ne7 19. e4 Nxd5 20. cxd5 Qb5 21. Qc2 Bh6
22. a4 Qd7 23. Rae1 Rdf8 24. Bc3 g5 25. Qe2 b5 26. axb5 Qxb5 27. Qc2 g4 28. fxg4
fxg4 29. Rxf7 Rxf7 30. Rf1 Rxf1 31. Kxf1 Bg5 32. Kg2 h5 33. Qd1 Kg7 34. h3 Qd7
35. hxg4 hxg4 36. Qe2 a6 37. Qd1 Kf7 38. Qh1 Kg6 39. Qd1 Bh6 40. Qe2 Bg5 41. Qd1
Bf6 42. Qe2 Kf7 43. Qd1 Ke8 44. Qf1 Bg5 45. Qa1 Qh7 46. Qh1 Qxh1+ 47. Kxh1 Kd7
48. Kg2 Kc7 49. Ba5+ Kd7 50. Kf2 Bc1 51. Ke2 Ba3 52. Bd2 Kc8 53. Bg5 Bb4 54. Kf2
Kd7 55. Bf6 Bd2 56. Bh4 Bh6 57. Bf6 Kc7 58. Kg2 Bf8 59. Bg5 Kb6 60. Bd2 Kb5 61.
Kf2 Be7 62. Ke2 Bd8 63. Bg5 Bxg5 0-1

[Event "European Blitz 2016"]
[Site "Tallinn EST"]
[Date "2016.12.17"]
[Round "7.20"]
[White "Ionov, Sergey"]
[Black "Navara, David"]
[Result "0-1"]
[WhiteTitle "GM"]
[BlackTitle "GM"]
[WhiteElo "2535"]
[BlackElo "2725"]
[WhiteFideId "4100875"]
[BlackFideId "309095"]
[EventDate "2016.12.17"]

1. d4 Nf6 2. Bg5 d5 3. e3 c5 4. Bxf6 gxf6 5. dxc5 e6 6. c4 dxc4 7. Nd2 Na6 8.
Bxc4 Nxc5 9. Qc2 a6 10. Ngf3 b5 11. Be2 Bb7 12. O-O Rc8 13. Rad1 Qb6 14. Rc1 Bg7
15. Qb1 O-O 16. Nd4 f5 17. Bf3 Rfd8 18. Bxb7 Qxb7 19. N2f3 Qe4 20. Rfd1 Qxb1 21.
Rxb1 Na4 22. g3 Rd7 23. Kg2 Rdc7 24. Rd2 h6 25. Rbd1 Rc1 26. Rxc1 Rxc1 27. b3
Nc3 28. a3 Ra1 29. Rc2 Ne4 30. a4 bxa4 0-1

[Event "European Blitz 2016"]
[Site "Tallinn EST"]
[Date "2016.12.17"]
[Round "7.21"]
[White "Wojtaszek, Radoslaw"]
[Black "Brodowski, Piotr"]
[Result "1-0"]
[WhiteTitle "GM"]
[BlackTitle "IM"]
[WhiteElo "2749"]
[BlackElo "2444"]
[WhiteFideId "1118358"]
[BlackFideId "1124480"]
[EventDate "2016.12.17"]

1. d4 c5 2. d5 d6 3. c4 e5 4. Nc3 Be7 5. g3 Nf6 6. e4 O-O 7. Bg2 a6 8. a4 Nbd7
9. Nge2 Ne8 10. Qd3 g6 11. Bh6 Ng7 12. O-O Nf6 13. f3 Kh8 14. a5 Ng8 15. Bd2 f5
16. Na4 Bg5 17. Nb6 Rb8 18. b4 Bxd2 19. Qxd2 cxb4 20. Qxb4 fxe4 21. fxe4 Bg4 22.
Rxf8 Qxf8 23. Rf1 Qe7 24. Nc1 Nf6 25. c5 dxc5 26. Qc3 c4 27. h3 Bd7 28. Rxf6
Qxf6 29. Nxd7 Qd6 30. Nxb8 Qxb8 31. Ne2 b5 32. axb6 Qxb6+ 33. Kh2 Qc5 34. Qxe5 1-0

[Event "European Blitz 2016"]
[Site "Tallinn EST"]
[Date "2016.12.17"]
[Round "7.22"]
[White "Alekseev, Evgeny"]
[Black "Gorodetzky, David"]
[Result "1-0"]
[WhiteTitle "GM"]
[BlackTitle "FM"]
[WhiteElo "2632"]
[BlackElo "2350"]
[WhiteFideId "4138147"]
[BlackFideId "2813416"]
[EventDate "2016.12.17"]

1. e4 e6 2. d4 d5 3. Nc3 dxe4 4. Nxe4 Nd7 5. Nf3 Ngf6 6. Bd3 c5 7. O-O cxd4 8.
Nxd4 Be7 9. c3 O-O 10. Qe2 Nxe4 11. Bxe4 Nf6 12. Bf3 a6 13. Bf4 Qb6 14. a4 Bd7
15. a5 Qa7 16. Rfd1 Rac8 17. Nf5 exf5 18. Qxe7 Rfe8 19. Qd6 Bc6 20. Qd4 Qa8 21.
Bxc6 Rxc6 22. Re1 h6 23. h3 Qc8 24. Rad1 Rxe1+ 25. Rxe1 Rc4 26. Qd6 Re4 27. Rd1
Qc4 28. Be3 Re6 29. Qb8+ Kh7 30. Qxb7 Qa4 31. Qf3 Qxa5 32. Bd4 Ne4 33. Rc1 Qb5
34. b4 Qd5 35. Ra1 Rc6 36. Ra5 Qe6 37. Qxf5+ Qxf5 38. Rxf5 f6 39. Rf3 Kg6 40.
Re3 Nd2 41. Rd3 Nc4 42. f3 Kf5 43. Kf2 h5 44. Rd1 Re6 45. Re1 Rc6 46. g4+ hxg4
47. hxg4+ Kg6 48. f4 Kf7 49. f5 Nd6 50. Ke3 Nb5 51. Kd3 Rd6 52. Re4 Nc7 53. c4
Rd7 54. Kc3 Ne8 55. Re6 Nd6 56. Bc5 Nb7 57. Rxa6 Nd8 58. Rd6 Rxd6 59. Bxd6 g6
60. b5 gxf5 61. gxf5 Nb7 62. c5 Ke8 63. Kd4 Na5 64. Kd5 1-0

[Event "European Blitz 2016"]
[Site "Tallinn EST"]
[Date "2016.12.17"]
[Round "7.23"]
[White "Boe, Mads"]
[Black "Movsesian, Sergei"]
[Result "0-1"]
[WhiteTitle "FM"]
[BlackTitle "GM"]
[WhiteElo "2321"]
[BlackElo "2673"]
[WhiteFideId "1401408"]
[BlackFideId "310204"]
[EventDate "2016.12.17"]

1. d4 Nf6 2. Nf3 d6 3. Bg5 Nbd7 4. e3 h6 5. Bh4 e5 6. c3 Be7 7. dxe5 dxe5 8. Bc4
O-O 9. O-O c6 10. h3 Ne4 11. Bxe7 Qxe7 12. Nbd2 Nd6 13. e4 Nf6 14. Qe2 Nh5 15.
Qe3 Nf4 16. Rfd1 Qf6 17. Bf1 Re8 18. Kh2 b6 19. Nc4 Nb7 20. Rd2 b5 21. Na3 Be6
22. Nc2 a5 23. a3 Bb3 24. Nce1 Nd6 25. g3 Ng6 26. Rc1 a4 27. Ra1 Bc4 28. Rdd1
Bxf1 0-1

[Event "European Blitz 2016"]
[Site "Tallinn EST"]
[Date "2016.12.17"]
[Round "7.24"]
[White "Ahvenjarvi, Jani"]
[Black "Kobalia, Mikhail"]
[Result "0-1"]
[WhiteTitle "FM"]
[BlackTitle "GM"]
[WhiteElo "2317"]
[BlackElo "2628"]
[WhiteFideId "507571"]
[BlackFideId "4119150"]
[EventDate "2016.12.17"]

1. e4 c5 2. Nf3 e6 3. Nc3 a6 4. d4 cxd4 5. Nxd4 Nc6 6. Be3 Nf6 7. Bd3 Qc7 8. O-O
Bd6 9. f4 Bc5 10. Nf5 Bxe3+ 11. Nxe3 d6 12. Qd2 O-O 13. Kh1 b5 14. a3 Bb7 15.
Qf2 Rad8 16. Qh4 Rfe8 17. Ng4 Nxg4 18. Qxg4 b4 19. Ne2 bxa3 20. Rxa3 Nb4 21. Ng3
Nxd3 22. cxd3 f6 23. Qe2 Rc8 24. Rc3 Qb6 25. Rfc1 Rxc3 26. Rxc3 d5 27. h3 Rd8
28. Kh2 dxe4 29. dxe4 Rd4 30. Qc2 Qd6 31. Rf3 Rd2 32. Qb3 Ba8 33. Rd3 Rxd3 0-1

[Event "European Blitz 2016"]
[Site "Tallinn EST"]
[Date "2016.12.17"]
[Round "7.25"]
[White "Seeman, Tarvo"]
[Black "Dzhumagaliev, Yan"]
[Result "1/2-1/2"]
[WhiteTitle "IM"]
[BlackTitle "FM"]
[WhiteElo "2420"]
[BlackElo "2400"]
[WhiteFideId "4500547"]
[BlackFideId "24100110"]
[EventDate "2016.12.17"]

1. Nf3 Nf6 2. g3 b5 3. Bg2 Bb7 4. O-O e6 5. b3 c5 6. c4 a6 7. Nc3 b4 8. Na4 Be7
9. d4 cxd4 10. Qxd4 O-O 11. Rd1 Nc6 12. Qb6 Qc8 13. Ne5 Bd8 14. Nxc6 Bxc6 15.
Qxb4 Bxg2 16. Kxg2 Qc6+ 17. Kg1 Bc7 18. Bb2 Ne4 19. f3 Rab8 20. Qe1 Nf6 21. Bxf6
gxf6 22. Qd2 Rfd8 23. Rac1 Be5 24. Qe3 Kh8 25. f4 Bd6 26. Qf3 Qc7 27. c5 Be7 28.
Kg2 Rb4 29. Rc2 Kg8 30. Rcd2 f5 31. Nb6 Qxc5 32. Nxd7 Qc7 33. Ne5 Rxd2 34. Rxd2
Bd6 35. Nc4 Be7 36. Ne5 Bd6 37. Nc4 Be7 38. Ne5 Bd6 39. Nc4 Be7 40. Ne5 1/2-1/2

[Event "European Blitz 2016"]
[Site "Tallinn EST"]
[Date "2016.12.17"]
[Round "7.26"]
[White "Llobel Cortell, Enrique"]
[Black "Fridman, Daniel"]
[Result "0-1"]
[WhiteTitle "IM"]
[BlackTitle "GM"]
[WhiteElo "2399"]
[BlackElo "2596"]
[WhiteFideId "2216116"]
[BlackFideId "11600454"]
[EventDate "2016.12.17"]

1. e4 c6 2. c4 d5 3. exd5 cxd5 4. cxd5 Nf6 5. Nc3 Nxd5 6. Nf3 e6 7. Bc4 Nc6 8.
O-O Nb6 9. Bb3 Bc5 10. Ne4 Be7 11. d4 O-O 12. Bf4 Nd5 13. Bg3 f5 14. Nc5 f4 15.
Qe2 fxg3 16. Nxe6 gxh2+ 17. Kh1 Qd6 18. Nxf8 Kxf8 19. Rfe1 Bf5 20. Ne5 g6 21.
Qf3 Nf6 22. Rad1 h5 23. Qf4 Kg7 24. Qg3 Ne4 25. Qe3 Nxe5 26. dxe5 Qxe5 27. Bc2
Bc5 28. Qb3 Nxf2# 0-1

[Event "European Blitz 2016"]
[Site "Tallinn EST"]
[Date "2016.12.17"]
[Round "7.27"]
[White "Tomazini, Zan"]
[Black "Neiksans, Arturs"]
[Result "0-1"]
[WhiteTitle "IM"]
[BlackTitle "GM"]
[WhiteElo "2414"]
[BlackElo "2631"]
[WhiteFideId "14608162"]
[BlackFideId "11601388"]
[EventDate "2016.12.17"]

1. e4 c5 2. c3 Nf6 3. e5 Nd5 4. d4 cxd4 5. cxd4 d6 6. Nf3 dxe5 7. Nxe5 Nc6 8.
Bc4 e6 9. Nf3 Be7 10. O-O O-O 11. Nc3 Nxc3 12. bxc3 b6 13. Bd3 Bb7 14. Qe2 Bf6
15. Qe4 g6 16. Bh6 Bg7 17. Bxg7 Kxg7 18. c4 Qd6 19. Rfd1 Rfd8 20. Bf1 Rd7 21.
Qe3 Rad8 22. Rac1 Qe7 23. h4 Qf6 24. c5 bxc5 25. Rxc5 Nxd4 26. Nxd4 Rxd4 27.
Rxd4 Rxd4 28. Rc7 Bd5 29. h5 gxh5 30. Rxa7 Rg4 31. a4 h4 32. a5 Re4 33. Qc5 h3
34. Rc7 hxg2 0-1

[Event "European Blitz 2016"]
[Site "Tallinn EST"]
[Date "2016.12.17"]
[Round "7.28"]
[White "Motylev, Alexander"]
[Black "Putka, Verners"]
[Result "0-1"]
[WhiteTitle "GM"]
[WhiteElo "2663"]
[BlackElo "2307"]
[WhiteFideId "4121830"]
[BlackFideId "11600659"]
[EventDate "2016.12.17"]

1. d4 g6 2. Nf3 Bg7 3. g3 d5 4. Bg2 Nf6 5. O-O O-O 6. c4 c6 7. b3 a5 8. Nc3 Bf5
9. Bb2 Nbd7 10. e3 h6 11. Qe2 Qb8 12. h3 g5 13. Nd2 e5 14. dxe5 Nxe5 15. e4 dxe4
16. Ndxe4 Nxe4 17. Nxe4 Re8 18. Rad1 Bh7 19. Rfe1 Qc7 20. Ba3 Re6 21. Qd2 Rae8
22. Nd6 Rd8 23. c5 Rd7 24. Bb2 Rde7 25. Bxe5 Bxe5 26. Qc1 b6 27. Nc4 0-1

[Event "European Blitz 2016"]
[Site "Tallinn EST"]
[Date "2016.12.17"]
[Round "7.29"]
[White "Rogule, Laura"]
[Black "Zubritskiy, Artyom"]
[Result "0-1"]
[WhiteTitle "WGM"]
[BlackTitle "IM"]
[WhiteElo "2295"]
[BlackElo "2442"]
[WhiteFideId "11601876"]
[BlackFideId "4181247"]
[EventDate "2016.12.17"]

1. c4 c5 2. Nc3 Nf6 3. g3 e6 4. Nf3 b6 5. Bg2 Bb7 6. O-O Be7 7. d4 cxd4 8. Qxd4
O-O 9. Rd1 Nc6 10. Qd2 Qb8 11. b3 Rd8 12. Qf4 d6 13. Bb2 a6 14. Rd2 Qc7 15. Rad1
Rd7 16. Ng5 Rad8 17. Nce4 Ne5 18. Nxf6+ Bxf6 19. Bxb7 Qxb7 20. Ne4 Be7 21. Bxe5
dxe5 22. Qxe5 Rxd2 23. Rxd2 Rxd2 24. Nxd2 Bf6 25. Qd6 h6 26. f3 Be7 27. Qd3 Qc6
28. Ne4 f5 29. Nd2 Kf7 30. Kg2 Qc5 31. e4 g6 32. exf5 gxf5 33. Nf1 Qe5 34. Qd2
Bg5 35. f4 Qe4+ 36. Kh3 Be7 37. Ne3 Bc5 38. Ng2 Ke7 0-1

[Event "European Blitz 2016"]
[Site "Tallinn EST"]
[Date "2016.12.17"]
[Round "7.31"]
[White "Girya, Olga"]
[Black "Martinovic, Sasa"]
[Result "0-1"]
[WhiteTitle "WGM"]
[BlackTitle "GM"]
[WhiteElo "2450"]
[BlackElo "2550"]
[WhiteFideId "4195752"]
[BlackFideId "14509792"]
[EventDate "2016.12.17"]

1. d4 c5 2. d5 d6 3. c4 e5 4. Nc3 Be7 5. g3 f5 6. Bg2 Nf6 7. e4 O-O 8. Nge2 fxe4
9. Nxe4 Nxe4 10. Bxe4 Bh3 11. Nc3 g6 12. Be3 Bg5 13. Qd2 Bxe3 14. Qxe3 Qf6 15.
f3 Nd7 16. O-O-O a6 17. Kb1 b5 18. Rd2 Nb6 19. Rf2 Nxc4 20. Qh6 Bf5 21. g4 Bxg4
22. Rg1 Bf5 23. Rfg2 Qg7 24. Qh4 b4 25. Bxf5 Rxf5 26. Qxc4 bxc3 27. Qxc3 Qf7 28.
Rg3 Rb8 29. Qc4 Rb5 30. h4 Rf4 31. Qd3 Rxh4 32. a4 Rxa4 33. Qd2 Rab4 34. R1g2
Qf5+ 35. Kc1 Rc4+ 0-1

[Event "European Blitz 2016"]
[Site "Tallinn EST"]
[Date "2016.12.17"]
[Round "7.32"]
[White "Djuric, Stefan"]
[Black "Agrest, Evgenij"]
[Result "0-1"]
[WhiteTitle "GM"]
[BlackTitle "GM"]
[WhiteElo "2429"]
[BlackElo "2593"]
[WhiteFideId "900133"]
[BlackFideId "1705024"]
[EventDate "2016.12.17"]

1. e4 c6 2. Nc3 d5 3. Nf3 Bg4 4. h3 Bxf3 5. Qxf3 e6 6. d4 dxe4 7. Qxe4 Nf6 8.
Qh4 Be7 9. Bd2 Nbd7 10. O-O-O O-O 11. Bd3 g6 12. Rhe1 Re8 13. Qg3 Nb6 14. Bh6
Nh5 15. Qg4 Bb4 16. Bg5 Qc7 17. Bd2 a5 18. a3 Bxc3 19. Bxc3 Nd5 20. Bd2 b5 21.
Qf3 b4 22. a4 Rac8 23. g4 Nhf4 24. Bc4 c5 25. dxc5 Qxc5 26. Re4 e5 27. Bxf4 Nxf4
28. Rd7 Rf8 29. h4 Qc6 30. Ra7 Qxa4 31. Kb1 Qc6 32. Rxf4 exf4 33. Qxc6 Rxc6 34.
b3 Rc5 35. f3 Re5 36. Kb2 Kg7 37. g5 Rf5 38. Be6 Re5 39. Bc4 h6 40. gxh6+ Kxh6
41. Bxf7 Rh5 42. Be6 Rxh4 43. Rxa5 Rh2 44. Rc5 Re8 45. Bg4 Ree2 46. Rc6 Kg5 47.
Rc4 Kh4 48. Rc6 g5 49. Bf5 Kg3 50. Bg4 Rhf2 51. Rc5 Rd2 52. Bh5 Kh4 53. Bg4 Rh2
54. Rc4 Rdg2 55. Bf5 Rf2 56. Be4 Kg3 57. Rxb4 Rxf3 58. Bxf3 Kxf3 59. Rd4 g4 60.
b4 g3 61. Rd3+ Kg4 62. b5 g2 63. b6 g1=Q 0-1

[Event "European Blitz 2016"]
[Site "Tallinn EST"]
[Date "2016.12.17"]
[Round "8.1"]
[White "Mamedov, Rauf"]
[Black "Grandelius, Nils"]
[Result "1-0"]
[WhiteTitle "GM"]
[BlackTitle "GM"]
[WhiteElo "2688"]
[BlackElo "2643"]
[WhiteFideId "13401653"]
[BlackFideId "1710400"]
[EventDate "2016.12.17"]

1. e4 c5 2. Nc3 e6 3. g3 d5 4. Bg2 dxe4 5. Nxe4 Nh6 6. Nf3 Nf5 7. O-O Be7 8. b3
O-O 9. Bb2 Nc6 10. d3 b6 11. Re1 Bb7 12. Nfd2 Qc7 13. Nc4 Rad8 14. Qh5 Nfd4 15.
Rac1 h6 16. a3 f5 17. Ned2 b5 18. Ne3 f4 19. Ng4 Rf5 20. Nxh6+ gxh6 21. Qg6+ Kf8
22. Qxh6+ Kg8 23. c3 fxg3 24. hxg3 Rf6 25. Qg5+ Kf8 26. cxd4 Nxd4 27. Bxd4 Rxd4
28. Bxb7 Qxb7 29. Ne4 Rf5 30. Qh6+ Kf7 31. Nxc5 Rxc5 32. Rxc5 Bxc5 33. Qh7+ 1-0

[Event "European Blitz 2016"]
[Site "Tallinn EST"]
[Date "2016.12.17"]
[Round "8.2"]
[White "Grigoriants, Sergey"]
[Black "Bortnyk, Olexandr"]
[Result "0-1"]
[WhiteTitle "GM"]
[BlackTitle "GM"]
[WhiteElo "2563"]
[BlackElo "2581"]
[WhiteFideId "4130804"]
[BlackFideId "14120828"]
[EventDate "2016.12.17"]

1. c4 d6 2. d4 e5 3. Nf3 e4 4. Ng5 f5 5. Nc3 Be7 6. Nh3 Nf6 7. Nf4 c6 8. e3 O-O
9. h4 Na6 10. Be2 Nc7 11. Bd2 Ne6 12. d5 Nxf4 13. exf4 cxd5 14. cxd5 Bd7 15. Be3
b5 16. a3 a6 17. O-O Be8 18. Rc1 Bf7 19. Qd2 Qd7 20. g3 Qb7 21. Rfd1 Rfc8 22. f3
exf3 23. Bxf3 Bd8 24. Kg2 b4 25. Na2 Rxc1 26. Qxc1 Rc8 27. Qd2 bxa3 28. bxa3 Qb3
29. Nb4 Rc3 30. Rb1 Qxa3 31. Kf2 Bb6 32. Bxb6 Rxf3+ 0-1

[Event "European Blitz 2016"]
[Site "Tallinn EST"]
[Date "2016.12.17"]
[Round "8.3"]
[White "Onischuk, Vladimir"]
[Black "Chigaev, Maksim"]
[Result "0-1"]
[WhiteTitle "GM"]
[BlackTitle "GM"]
[WhiteElo "2601"]
[BlackElo "2531"]
[WhiteFideId "14114038"]
[BlackFideId "4108116"]
[EventDate "2016.12.17"]

1. e4 c6 2. d4 d5 3. e5 c5 4. dxc5 Nc6 5. Bb5 e6 6. Nf3 Bxc5 7. O-O Ne7 8. a3
Bd7 9. b4 Bb6 10. Bb2 Ng6 11. Bd3 Rc8 12. Nbd2 a5 13. b5 Nce7 14. a4 Nf4 15. Re1
Bc5 16. Ba3 Bxa3 17. Rxa3 h6 18. Nd4 Qb6 19. N2f3 Qc5 20. Rb3 b6 21. Ne2 Nfg6
22. Qd2 O-O 23. Ned4 f6 24. Qe3 fxe5 25. Nxe5 Nxe5 26. Qxe5 Rf6 27. Re2 Rcf8 28.
h3 Kh8 29. c3 Ng6 30. Bxg6 Rxg6 31. Re3 Qe7 32. Rb2 Rg5 33. Qc7 e5 34. Qxb6 Bxh3
35. Rxh3 exd4 36. Qxd4 Qe1+ 37. Kh2 Kg8 38. f3 Qe7 39. Rd2 Qc7+ 40. Kh1 Qe7 41.
Rd1 Re5 42. Qd2 Kh8 43. Kg1 Re2 44. Qd4 Qg5 45. Rh2 Qg3 46. Rf1 Qg6 47. Qxd5 Rc8
48. c4 Rc2 49. Qe4 Qb6+ 50. Kh1 R2xc4 51. Qe2 Rc2 52. Qe5 Rc1 53. Qe2 Rxf1+ 54.
Qxf1 Qe3 55. Rh4 Rc1 56. Qxc1 Qxc1+ 57. Kh2 Qc7+ 58. Kh1 Kh7 59. Re4 Kg6 60. Kg1
Kf6 61. Kf2 Qc5+ 62. Kg3 g5 63. Kh2 h5 64. Kg3 Qd6+ 65. Kf2 Qd2+ 66. Kf1 Qc2 67.
Kg1 g4 68. Kf1 g3 0-1